Countries Inside Olympic Rings - Statistics

General Stats
  • This quiz has been taken 156 times
  • The average score is 13 of 15
Answers on the Map
Answers color-coded by a green-red scale on the quiz's map according to % correct below.
 
Answer Stats
Country % Correct
India
99%
Australia
98%
Canada
95%
China
95%
New Zealand
95%
Portugal
94%
Madagascar
92%
Germany
91%
Vietnam
90%
Peru
86%
Switzerland
85%
Bolivia
82%
Ethiopia
81%
Samoa
74%
Morocco
73%
No matching quizzes found
Score Distribution
Percent of People with Each Score
Percentile by Number Answered
Your Score History
You have not taken this quiz